000 00730nam a22001937a 4500
999 _c170985
_d170985
005 20200101121103.0
010 _a73312
020 _c100.00
_a-
035 _a73312
037 _bBPPD
082 _a841
100 _aصد ر ا لد ين محمد خا ن
245 _aا ر د و کا پہلا صا حب د يو ا ن شا عر
_cصد ر ا لد ين محمد خا ن
246 _aUrdu Ka Pehla Sahib Dewan Shair (Urdu)
_bby Nawab Sadaruddin Mohd.Khan
260 _aDelhi
_c1946 ء
_bAnjuman Taraqui Urdu
270 _aAnjuman Taraqui Urdu ( Hind)
_bDelhi
_k-
_e-
300 _a242 ص
_c22 cm(hb)
942 _2ddc
_cUR
_h841
_mص د ر